[Event "83rd Tata Steel Masters 2021"]
[Site "Wijk aan Zee"]
[Date "2021.01.16"]
[Round "1.5"]
[White "Grandelius, Nils"]
[Black "Donchenko, Alexander"]
[Result "1-0"]
[WhiteElo "2663"]
[BlackElo "2668"]
[Annotator "Cé.Ha."]
[PlyCount "93"]
[EventDate "2021.??.??"]

{[%evp 0,93,19,11,11,21,-1,24,-12,13,17,14,4,15,40,-30,-15,-20,-3,-2,-2,-15,
-14,-19,7,2,10,4,-1,1,13,13,67,64,42,49,43,43,44,35,42,49,37,44,48,44,46,37,57,
52,60,37,74,19,41,33,0,22,24,32,82,40,33,30,65,61,45,50,46,44,45,55,57,55,73,
60,48,48,61,61,54,104,148,125,144,95,99,208,580,712,826,857,930,984,950,1016]} 
1. e4 e5 2. Nf3 Nc6 3. Bc4 Nf6 4. d3 Bc5 5. O-O (5. c3 d6) 5... d6 6. c3 a6 (
6... O-O) 7. Re1 Ba7 8. Nbd2 (8. Bb3 O-O) 8... O-O 9. Nf1 (9. Bb3 Ng4 10. Re2
Kh8 11. h3 Nh6 12. Nf1 f5 13. Bg5 Qd7 14. Bxh6 gxh6 15. exf5 Rxf5 16. Bd5 Qg7
17. d4 Bd7 18. Ne3 Rh5 19. dxe5 Bxh3 20. exd6 cxd6 21. Bxc6 bxc6 22. Qxd6 Rf8
23. Qg3 Qxg3 24. fxg3 Bg4 {0-1 (24) Degraeve,J (2567)-Greenfeld,A (2545) Metz
2013}) 9... Na5 10. Bb3 Nxb3 11. axb3 (11. Qxb3 Bg4 12. N1d2 Be6 13. Qxb7 Qd7
14. d4 Bxd4 15. Nxd4 exd4 16. Qb4 dxc3 17. Qxc3 Rfe8 18. b3 Nh5 19. Bb2 f6 20.
Rac1 Nf4 21. Qg3 Ng6 22. f4 Bf7 23. Nf3 Rac8 24. Rcd1 a5 25. f5 Ne5 26. Nxe5
fxe5 27. Bxe5 Bh5 28. Rd2 Qf7 29. Bc3 Rcd8 30. Qh4 c6 31. g4 Qa7+ 32. Bd4 c5
33. Bc3 {1-0 (33) Beerdsen,T (2396)-Beeke,B (2259) Hilversum 2016}) 11... c6 (
11... Ng4 12. d4 exd4 13. Nxd4 Re8) 12. Ng3 h6 13. h3 Be6 14. d4 Re8 (14... Qc7
15. Be3 Rfe8 16. Qc2 {gelijk.}) 15. Be3 d5 16. exd5 (16. dxe5 Nxe4 (16... Bxe3
17. exf6 dxe4 18. Nxe4) 17. Bxa7 Rxa7 {en wit is ieets beter.}) 16... exd4 17.
Bxd4 (17. Nxd4 Bxd5 {is gelijk.}) 17... Qxd5 (17... Bxd5 $2 18. Rxe8+ Qxe8 19.
Bxf6 gxf6 20. Qd3 Qe7 (20... Rd8 21. Re1 Qf8 22. Nh5 Be6 23. Nxf6+ Kg7 24. Nh5+
Kh8 25. Qc2) 21. Re1 Be6 22. Qd2 Qf8 23. Nh5 {en wit komt beter in de
verschillende varianten.}) 18. Bxf6 Qxd1 19. Raxd1 gxf6 20. b4 Red8 21. Ne4 Kg7
(21... Rxd1 22. Rxd1 f5 23. Nc5 Bxc5 24. bxc5 a5 25. Nd4 {gelijk.}) 22. Nc5
Bxc5 23. bxc5 f5 24. Nd4 Kf6 25. Ra1 a5 (25... Rd5 $11 26. b4 Re5 27. Rxe5 Kxe5
28. f3 Kd5 29. Ra3 Kc4 30. Kf2 {gelijk.}) 26. Ra4 Rd5 27. b4 Ra6 28. Nxe6 (28.
Rea1 axb4 29. Rxa6 bxa6 $1 30. Nxe6 fxe6 31. cxb4 Rd4 32. Rxa6 Rxb4 33. Rxc6 {
neigt naar remise. De c-pion zal vallen.}) 28... fxe6 29. Rea1 Ke5 30. Re1+ Kf6
31. Rea1 Ke5 32. Rxa5 Rxa5 33. Rxa5 Ke4 34. Ra7 Rd1+ (34... Rd7 35. Ra1 Rd3 36.
Ra8 Rd1+ 37. Kh2 Rf1 38. f3+ Kd3 39. Rb8 e5 40. Kg3 Rc1 41. Rxb7 e4 42. fxe4
fxe4 43. Rd7+ Ke2 44. c4 Rxc4 45. Rc7 Rc3+ 46. Kh2 Kd3 47. Rd7+ {lijken wegen
naar remise. Maar het is ingewikkeld en één misstap is fataal.}) 35. Kh2 Rd7
36. Ra1 Rd2 37. Re1+ Kd3 38. Re3+ Kc4 39. f4 $1 h5 $2 {(Eerste misstap. Brengt
de h-pion in het bereik van de witte koning. Wit plots duidelijk plus.)} (39...
Rc2 40. Rxe6 Kxc3 41. Rxh6 Kxb4 42. h4 {en deze pion zal aandacht vergen.}) 40.
Kg3 Rd3 $2 {(Zie diagram)(Definitieve blunder! Wit zal de spurt voor promotie
winnen.)} (40... Rc2 41. Kh4 Rxg2 42. Kxh5 Kd5 43. Re5+ Kc4 44. Rxe6 Rg3 45.
Re7 Kxc3 46. Rxb7 Kc4 47. Kh4 Rg1 48. Rf7 Kxb4 49. Rxf5 {wit wint.}) 41. Rxd3
Kxd3 42. Kh4 Ke3 (42... Kxc3 43. Kxh5 Kxb4 44. g4 $1 {wit wint.}) 43. g3 Kf2 (
43... Kf3 44. c4 Kg2 45. g4 e5 46. fxe5 f4 47. e6 f3 48. e7 f2 49. e8=Q f1=Q
50. Qe4+ Kh2 51. Qe5+ Kh1 52. g5 {en wit wint}) 44. g4 hxg4 45. hxg4 fxg4 46.
Kxg4 Ke3 47. Kg5 (47. Kg5 Ke4 48. c4 {de dubbelpion speelt een dodelijke rol.}
e5 (48... Kd4 49. Kf6 Ke4 50. Kxe6 Kxf4 51. b5 Ke4 52. Kd6) 49. f5) 1-0

[Event "Bassano February Elite"]
[Site "Wijk aan Zee"]
[Date "2021.02.14"]
[Round "10.5"]
[White "Bernadskiy"]
[Black "Dardha, Daniel"]
[Result "0-1"]
[WhiteElo "2600"]
[BlackElo "2503"]
[Annotator "Cé.Ha."]
[PlyCount "74"]
[EventDate "2021.??.??"]

{[%evp 0,74,19,31,14,30,28,4,4,-40,-8,-2,-14,-66,-78,-124,-111,-110,-103,-97,
-66,-105,-93,-78,-21,-65,-43,-33,-6,-7,5,26,-9,29,28,43,29,25,10,-19,-24,-14,
-29,-35,0,-54,-47,-71,-123,-123,-123,-140,-133,-123,-144,-181,-42,-93,-69,-104,
-105,-160,-176,-176,-171,-237,-225,-430,-402,-400,-407,-446,-448,-502,-516,
-572,-582]} 1. d4 Nf6 2. Nf3 e6 3. c4 d5 4. Bg5 (4. Nc3 Be7 5. Bg5 O-O 6. e3 h6
7. Bh4 b6 8. cxd5 Nxd5 9. Bxe7 Qxe7 10. Nxd5 exd5 11. Rc1 Be6 12. Qa4 c5 13.
Qa3 Rc8 14. Be2 Kf8 15. dxc5 bxc5 16. O-O Nd7 17. Rfd1 Rcb8 18. b3 a5 19. Ne1
a4 20. bxa4 c4 21. Qxe7+ Kxe7 22. e4 Nb6 23. exd5 Bxd5 24. Rb1 Be6 25. Rdc1
Nxa4 26. Rxb8 Rxb8 27. Rc2 c3 28. Rc1 Bxa2 29. Bd1 Bb3 30. Bxb3 Rxb3 31. Kf1
Rb2 32. Rc2 Kd6 33. Ke2 Kc5 34. Nd3+ Kd4 35. Nxb2 cxb2 36. Rd2+ Ke5 {0-1 (36)
Van Scheltinga,T-Donner,J Beverwijk 1957}) 4... Bb4+ 5. Nbd2 (5. Nc3 h6 6. Bxf6
Qxf6 7. e3 O-O 8. Rc1 dxc4 9. Bxc4 c5 10. O-O) 5... dxc4 6. Qc2 b5 7. a4 c6 8.
g3 (8. Bxf6 gxf6 9. g3 Bb7 10. Bg2 Nd7 11. O-O a6 12. b3 cxb3 13. Nxb3 O-O)
8... Bb7 9. Bg2 Nbd7 10. O-O h6 11. Bxf6 gxf6 $1 (11... Nxf6 12. Ne5 Qc7 13. b3
Bxd2 14. Qxd2 c5 15. Bxb7 Qxb7 16. dxc5 cxb3 17. Qb4 Rb8 18. Qxb3 Qc7 19. Nd3
b4 20. a5 {en wit iets beter.}) 12. b3 cxb3 13. Nxb3 a5 14. Ne1 bxa4 $5 {(Toch
niet het beste. Wit komt nu plus!)} (14... Rc8 15. Nd3 Be7 16. Nxa5 $1 Qxa5 17.
axb5 Qb6 (17... Qxb5 $4 18. Rfb1 $1) 18. bxc6 Bxc6 {gelijk}) 15. Rxa4 Nb6 (
15... Ba6 16. Nd3 Bb5 17. Ra2 O-O 18. Rfa1 {en wit beter.}) 16. Rxb4 $5 {(Zie
diagram)(De computer geeft nu gelijk aan, terwijl wit daarvoor duidelijk beter
stond.GM overmoed? Niet echt, De witte loper op g2 is weer eens vervelend.
Zwart is daardoor wel verplicht een stuk te geven voor die kwaliteit.)} (16.
Ra1 O-O 17. Nd3 Qe7 18. Nbc5 Nd5 19. Rfb1 {wit plus.}) 16... axb4 17. Nc5 Qxd4
18. Nxb7 Qc3 $1 19. Bxc6+ Ke7 20. Qxc3 bxc3 21. Nc2 (21. Nd3 Ra3 22. Rc1 Rc8 {
(Computer zegt gelijk. Maar dat wordt toch weer een ingewikkeld spel met twee
stukken voor kwal.)}) 21... Rhc8 22. Bf3 (22. Nb4 {geeft gelijk.} Ra3 23. Rc1
Nc4 {gelijk, maar zwart ziet kansen.}) 22... Ra2 23. Nb4 (23. Be4 $4 f5 24. Bd3
Rc7) 23... Rb2 24. Nc6+ (24. Nd3 Rb5 25. Kg2 c2 26. Rc1 f5 $1 {en wit onder
zware druk.}) 24... Kf8 (24... Kd7 25. Nc5+ {dreigt remise door herhaling}) 25.
Rc1 c2 26. Kg2 Nc4 (26... Na4 $1 {met de bedoeling paard op a2 te brengen is
slecht.} 27. Nd6 Rc7 28. Nc4 Ra2 29. Ne3 {verliest de pion.}) 27. Nc5 Na3 (
27... Nd2 $1 28. Nd3 {en zwart is duidelijk plus!} Nb3 29. Rf1 Rb1 30. Ncb4
Rxf1 31. Kxf1) 28. Nd3 Rb1 {(Klassiek.En dat wordt moeilijk voor wit.)} 29.
Ncb4 (29. e3 f5 30. h3 Re8 {zwart plus.} 31. Ncb4 e5 $1) 29... Rc4 30. Na2 e5
31. e4 Rd4 32. Ne1 Rd1 $1 33. Rxc2 (33. Nxc2 Rdxc1 34. Nxc1 Nxc2 {en ziet er
goed uit.}) 33... Nxc2 34. Nxc2 Rg1+ 35. Kh3 Rbf1 36. Nc3 Rxf2 37. Ne2 Rb1 (
37... Rb1 {en er kon nog:} 38. Nc3 Rb3 {en totaal verlies.}) 0-1

[Event "Bassano February Elite"]
[Site "Wijk aan Zee"]
[Date "2021.01.27"]
[Round "10.5"]
[White "Dardha, Daniel"]
[Black "Basso"]
[Result "1-0"]
[WhiteElo "2503"]
[BlackElo "2553"]
[Annotator "Cé.Ha."]
[PlyCount "115"]
[EventDate "2021.??.??"]

{[%evp 0,115,31,-1,39,16,20,25,38,42,14,21,16,-13,-13,-53,-16,-3,-3,-9,12,-22,
35,45,35,44,45,2,6,29,55,56,53,66,89,86,55,89,91,68,82,69,69,116,91,102,102,
102,114,114,114,114,71,125,157,157,163,150,150,146,161,126,137,140,138,119,107,
123,79,79,97,105,100,100,98,98,98,98,112,79,85,105,106,114,114,110,110,111,121,
112,121,101,106,113,122,144,142,118,122,108,123,120,162,164,181,184,206,187,
216,237,465,211,313,298,495,511,497,533]} 1. c4 c6 2. e4 d5 3. exd5 cxd5 4.
cxd5 Nf6 5. Qa4+ (5. Nc3 Nxd5 6. Nf3 Nc6 7. Bb5 e6 8. O-O Be7 9. d4 O-O 10. Re1
Bd7 11. Bd3 Rc8 12. Nxd5 exd5 13. Ne5 Bf6 14. Bf4 g6 15. Qb3 Na5 16. Qb4 Be6
17. Bh6 Bg7 18. Bxg7 Kxg7 19. h4 Re8 20. h5 f6 21. Nf3 b6 22. Bb5 Re7 23. Re2
Rcc7 24. Rae1 Kf7 25. Qd2 Qf8 26. Qf4 Bf5 27. g4 Bc8 28. b4 Nb7 29. Bc6 {1-0 
(29) Carlsen,M (2776)-Smeets,J (2601) Wijk aan Zee 2009}) 5... Nbd7 6. Nc3 g6
7. Nf3 Bg7 8. Bc4 O-O 9. d3 a6 10. Qa3 b6 11. O-O Bb7 12. Re1 Re8 13. Ng5 b5
14. Bb3 Nb6 {(Zie diagram)(Opmerkelijk. Dit werd al eerder gespeeld, Een 35
partijen in de online base. En met een gruwelijke plus score van 73.5% voor
wit!!!)} ({De computer zegt:} 14... h6 15. Nge4 Nxe4 16. dxe4 Ne5 17. Rd1 Rc8 {
en gelijk}) 15. d6 e6 16. Nge4 Nfd5 {(oeioei Al 83.3% voor wit! Zal Daniel dit
af maken?)} 17. Bg5 f6 (17... Qd7 18. Nxd5 Bxd5 19. Rac1 a5 20. Qc5 Rab8 21.
Bf6 Bxe4 22. Bxg7 Kxg7 {en wit blijft plus.}) 18. Nxd5 Bxd5 19. Be3 Bxb3 20.
Qxb3 Nd5 21. Bc5 f5 22. Nc3 Nf4 23. d4 Qd7 24. Ne2 Nd5 25. Nc3 Nf4 26. Re3 Bf8
27. g3 Nh3+ 28. Kg2 Ng5 29. h4 Nf7 30. Rae1 b4 $5 {(En de computer geeft zwart
verloren!)} 31. Qxb4 Nxd6 32. d5 (32. Bxd6 Bxd6 33. Qb3 Rab8 34. Rxe6 $1 Rxb3
35. Rxe8+ Kf7 36. axb3 Bb4 37. d5 Qxe8 (37... a5 38. R8e6 Kg7 39. R1e5 Bf8 40.
Rc6 Bd6 41. Re6 Bb4 42. f3 Bf8 43. Re1 Bb4 44. Rce6 Bd6 45. R1e3 Kf8 46. Re2
Kg8 47. f4 Kg7 48. Kh3 {wit naar winst.}) 38. Rxe8 Kxe8 39. Kf1 Kd7 40. Na2 a5
41. Nxb4 axb4 42. Kg2 Kd6 43. Kf3 Ke5 {en wit wint.}) 32... Rab8 33. Qf4 Nb5
34. Bxf8 Nxc3 35. dxe6 Qb7+ 36. Qf3 Qxf3+ 37. Rxf3 Ne4 38. Ba3 Rxe6 39. Rd3 (
39. Rc1 Ree8 (39... Rd8 40. Rc7 Ree8 41. Rb3 Rc8 42. Rbb7 Rxc7 43. Rxc7 Rd8 44.
Rc2) 40. Rd3 Rbc8 41. Rdd1 a5 42. b3 Nc3 43. Rd2 {wit plus.}) 39... Rc6 40. Re2
Rbc8 41. f3 Rc2 42. Rde3 Nf6 43. Kf2 Nd5 44. Rd3 Nb6 45. Bb4 Rxe2+ 46. Kxe2 Nc4
(46... Kf7 47. b3 Rc6 48. Kd2 Ke6 {wit plus.}) 47. Bc3 Re8+ 48. Kd1 Ne3+ 49.
Kc1 f4 50. gxf4 Ng2 51. Rd6 Nxh4 (51... Ra8 {het verhaal van de passieve toren.
}) 52. Rxa6 Nxf3 53. a4 Re4 54. a5 Rxf4 55. Ra8+ Kf7 56. a6 Ra4 57. b3 Ra2 58.
Kb1 {knap gespeeld eindspel} 1-0

[Event "83rd Tata Steel Masters 2021"]
[Site "Wijk aan Zee"]
[Date "2021.01.29"]
[Round "11.3"]
[White "Tari, Aryan"]
[Black "Esipenko, Andrey"]
[Result "1-0"]
[WhiteElo "2625"]
[BlackElo "2677"]
[Annotator "Ha.Cé."]
[PlyCount "65"]
[EventDate "2021.??.??"]

{[%evp 0,65,19,38,25,7,30,13,13,3,46,20,7,9,26,-2,11,13,4,24,-3,-31,10,-12,-2,
-38,11,-27,29,29,24,22,44,42,56,40,34,54,64,42,63,37,48,27,38,41,40,35,46,52,
52,44,52,68,113,93,128,128,185,191,247,247,292,218,405,430,435,446]} 1. e4 e5
2. Nf3 Nc6 3. Bb5 a6 4. Ba4 d6 5. O-O Nf6 6. Re1 Bd7 7. c3 g6 8. d4 Bg7 (8...
b5 9. Bb3 Bg7 10. Nbd2 O-O) 9. Nbd2 O-O 10. Bc2 $5 (10. h3 Re8 11. Bc2 b5 12.
Nf1 Na5 13. b3 c5 14. d5 Nh5 15. Ng3 Nf4 16. Ne2 Nxe2+ 17. Qxe2 f5 18. exf5 e4
19. Ng5 Bxf5 20. g4 e3 21. Bxe3 Bxc2 22. Ne6 Qh4 23. Qxc2 Qxh3 24. Qe4 Bxc3 25.
Bg5 Be5 26. Re3 {0-1 (26) Sasikiran,K (2656)-Nakamura,H (2736) Moscow 2019})
10... Nh5 (10... exd4 11. cxd4 Re8 12. h3) 11. dxe5 (11. d5 Ne7 12. Nc4 f5 13.
Bg5 h6 {gelijk}) 11... dxe5 12. Nf1 Nf4 13. Ne3 Kh8 $5 {(Zwart komt duidelijk.
minder. Verloren tempo.)} (13... Be6 14. g3 Qxd1 15. Rxd1 Ne2+ 16. Kf1 Nxc1 17.
Raxc1 {is gelijk}) 14. Nd5 Ne6 15. h4 h5 (15... Ne7 16. h5 gxh5 17. Be3 Bc6 18.
Qd3 f5 19. c4 f4 20. Bd2 {wit blijft beter.}) 16. Be3 f6 17. b4 (17. a4) 17...
Ne7 18. Qe2 Nc8 19. c4 Qe8 20. c5 (20. Rad1 Ne7 21. Rd2 Rd8 22. Red1 {en wit
staat excellent.}) 20... a5 21. a3 Na7 (21... Bb5 22. Qd2 axb4 23. axb4 Rxa1
24. Rxa1 {geeft wat verbetering voor zwart}) 22. Bb3 (22. Red1 Bb5 23. Qd2 axb4
24. axb4 Nc6 {wit plus}) 22... Nb5 23. Bc4 (23. a4 $1 Nbd4 24. Bxd4 exd4 25.
Qc4 axb4 26. Nxd4 Nxd4 27. Qxd4 Qe5 {wit duidelijk beter.} 28. Qxb4) 23... axb4
24. axb4 Rxa1 25. Rxa1 f5 (25... c6 26. Nb6 Nec7 27. Qd2) 26. exf5 gxf5 (26...
Rxf5 27. Ng5 e4 28. Re1 Na3 29. Bb3 Nxg5 30. Bxg5 {wit overheerst de stelling.}
) 27. Ng5 Nxg5 28. hxg5 {(En plots zware dreiging met offer Ta8.).} f4 {(Zie
diagram)} 29. Ra8 $3 Qg6 (29... f3 $1 30. Rxe8 fxe2 31. Rxf8+ Bxf8 32. Bxe2 h4
{geeft zwart meer kansen.}) 30. Rxf8+ Bxf8 31. Bd2 Na3 (31... Qxg5 32. Bxb5 c6
33. Ba4 h4 34. Nb6 Be6 {wit wint.}) 32. Bd3 Qxg5 33. Qe4 1-0

[Event "83rd Tata Steel Masters 2021"]
[Site "Wijk aan Zee"]
[Date "2021.01.29"]
[Round "11.4"]
[White "Van Foreest, Jorden"]
[Black "Harikrishna, Pentala"]
[Result "1-0"]
[WhiteElo "2671"]
[BlackElo "2732"]
[Annotator "Cé.Ha."]
[PlyCount "119"]
[EventDate "2021.??.??"]

{[%evp 0,119,19,38,25,7,30,8,7,-2,12,6,6,11,21,-5,11,-6,9,-8,20,27,52,47,44,36,
36,48,48,51,45,70,121,116,117,127,124,130,146,128,128,115,118,125,117,81,112,
90,124,112,99,128,159,109,182,195,206,225,225,235,242,221,225,234,237,195,200,
163,144,154,148,143,158,142,142,142,321,274,433,134,119,136,136,144,186,167,
194,194,210,165,201,210,210,207,207,199,196,197,212,204,237,228,223,206,246,
226,269,268,296,302,359,405,448,456,550,431,475,500,520,364,364,326]} 1. e4 e5
2. Nf3 Nc6 3. Bc4 Bc5 4. c3 Nf6 5. d3 d6 6. O-O h6 (6... O-O 7. Bb3 a6 8. Nbd2
Ba7 9. h3 h6) 7. Re1 O-O {C54: Giuoco Piano: 4 c3 Nf6, main lines with 5 d4
and 5 d3.} 8. Nbd2 a6 9. a4 (9. Bb3 Ba7 10. Nf1 Be6 11. Ng3 Re8 12. Bxe6 Rxe6
13. d4 d5) 9... Ng4 10. Re2 Kh8 11. h3 f5 (11... Nf6 12. b4 Bb6 13. Ba2 Ba7)
12. d4 (12. hxg4 fxg4 13. Nh2 g3 14. Nhf3 Bg4 {is gelijk!!} 15. b4 Bb6 16. a5
Ba7 17. Nf1 Bxf3 18. gxf3 Qh4 $1) 12... exd4 13. hxg4 d3 14. Bxd3 fxg4 15. Nd4
Nxd4 16. cxd4 Bxd4 {(De toestand is opgeklaard en wit is duidelijk beter.)} 17.
Nf1 Qf6 18. Qc2 c5 19. Be3 Be5 20. Bc4 (20. a5 Rb8 21. Rb1 Be6 22. Bc4 b5 23.
axb6 Bxc4 24. Qxc4 Rxb6 25. b3 Rb4 26. Qd3 {wit plus.}) 20... Bd7 21. Bd5 Rab8
22. Ng3 b5 23. axb5 Rxb5 24. Qd1 a5 (24... Rb4 25. Rd2 Rb6 26. Qc1) 25. Ra2
Rfb8 26. Rd2 Qh4 (26... Be6 27. Nh5 Qf7 28. Qxg4 Bxg4 29. Bxf7 Rxb2 30. f4 Rxa2
31. Bxa2 Bb2 {en wit plus.}) 27. b3 R5b6 28. Rxa5 Bc6 29. Bxc6 Rxc6 30. Nf1
Rcb6 31. g3 Qh3 32. Bxc5 dxc5 33. Rd8+ {(De mogelijkheden van zwart voor
tegenspel verminderen door ruil. Wit staat gewonnen dus alle gevaren vermijden.
)} (33. Rxc5 Bf6 34. Rdc2) 33... Kh7 34. Rxb8 Rxb8 35. Rxc5 Re8 36. Qd7 Qh5 37.
Ne3 Ra8 $2 (37... Qg6 38. Nxg4 Bd6 39. e5 Bxc5 40. Nf6+ $1 Kh8 41. Qxe8+ Qxe8
42. Nxe8 {en dat zal wel lukken.}) 38. Qb5 Re8 39. Qa5 (39. b4 $1 {is veel
sterker.} Kh8 40. Ng2 {en wit naar winst.} Kg8 41. Nf4 Qf7 42. Rxe5 Rc8 43. Qd5
) 39... Qg5 40. Rd5 (40. Nxg4 Qxg4 41. Rxe5 Rb8 42. Rb5 Re8 43. Qc7 Qxe4 44.
Rb7 Qe1+ 45. Kg2 Qe4+ 46. Kh2 Qg4 47. Qc3 Qh5+ 48. Kg1 {wit is iets beter maar
nog helemaal niet beslist.}) 40... Qe7 41. Nxg4 Bb2 42. f3 Rc8 43. Qd2 (43. Nf2
Rc2 44. Rd2) 43... Qa3 44. Rd7 Qxb3 {(Zie diagram)(Eventjes opletten nu. Er
dreigt Tc1+ gevolgd door Tc2 en wit mag het vergeten! Er is een elegante
oplossing!)} 45. Qxh6+ {(Het einde nadert.)} Kg8 46. Qh5 Qe6 47. Qd5 (47. Qb5
Ba3 48. Kg2 Be7 49. Qd5 (49. Ne3 Bf6) 49... Qxd5 50. Rxd5 {wit naar winst.})
47... Qxd5 48. Rxd5 Rc2 49. Kf1 Bc1 50. Rd7 Kf8 51. e5 Bb2 (51... Rc3 52. Kf2
Rc2+ 53. Ke1 Rc3 54. Ke2 Rc2+ (54... Bg5 55. Kf2 Rc2+ 56. Kf1 {en zwart kan
langer spartelen.}) 55. Kd1 Rc3) 52. f4 g5 (52... Rc3 53. Kg2 Ba3 54. e6) 53.
Ne3 Rc5 54. e6 gxf4 55. gxf4 Rc1+ 56. Ke2 Ba3 57. Nf5 Rc8 58. Rf7+ Kg8 59. Kf3
Re8 60. Nh6+ 1-0

[Event "83rd Tata Steel Masters 2021"]
[Site "Wijk aan Zee"]
[Date "2021.01.30"]
[Round "12.7"]
[White "Harikrishna, Pentala"]
[Black "Donchenko, Alexander"]
[Result "1-0"]
[WhiteElo "2732"]
[BlackElo "2668"]
[Annotator "Cé.Ha."]
[PlyCount "99"]
[EventDate "2021.??.??"]

{[%evp 0,99,20,34,30,-23,-4,-4,4,10,22,18,19,30,22,28,29,92,51,5,18,16,32,17,
29,-1,27,7,45,45,12,12,32,0,0,0,-3,0,26,-14,-10,-5,-18,-26,6,11,15,29,25,28,42,
0,-19,-42,-42,-45,-35,-25,-47,-29,-16,-16,-22,-34,-40,-40,-29,-31,-33,-104,-31,
-31,-12,-31,-19,-19,0,-24,70,71,0,98,89,44,0,0,169,93,132,193,520,520,424,424,
490,359,634,636,29991,29992,29993,29994]} 1. d4 Nf6 2. c4 e6 3. Nc3 Bb4 4. Nf3
({Hou Yifan goochelt!} 4. e3 O-O 5. Bd3 d5 6. Nf3 c5 7. O-O Nc6 8. a3 Bxc3 9.
bxc3 Qc7 10. Bb2 dxc4 11. Bxc4 e5 12. h3 Bf5 13. Qe2 Rad8 14. Bb5 e4 15. Nd2
Bg6 16. Nb3 Bh5 17. g4 Bg6 18. Nxc5 h5 19. f4 exf3 20. Qxf3 hxg4 21. hxg4 Rd5
22. Qf4 Qe7 23. c4 Rdd8 24. Rae1 Ne4 25. Nxe4 Bxe4 26. d5 a6 27. dxc6 Rd2 28.
Bf6 Rg2+ 29. Kh1 gxf6 30. Rf3 Rf2 {0-1 (30) Korobov,A (2687)-Hou,Y (2649)
Bastia 2016}) 4... c5 5. g3 Ne4 (5... cxd4 6. Nxd4 O-O 7. Bg2 d5 8. cxd5 Nxd5
9. Qb3 Nc6 10. Nxc6 bxc6 11. O-O Qa5) 6. Qd3 cxd4 (6... Qa5 7. Qxe4 Bxc3+ 8.
Bd2 Bxd2+ 9. Nxd2 Nc6 10. dxc5 b6 11. Bg2 Bb7 12. Qf4 bxc5 13. Qd6 Nd8 14. O-O
Bxg2 15. Kxg2 Qb6 16. Ne4 f5 17. Qxb6 axb6 18. Nd6+ Ke7) 7. Nxd4 Bxc3+ (7...
Qa5 8. Nb3 Nxc3 9. Bd2 Ne4 10. Qxe4 Bxd2+ 11. Nxd2 O-O 12. Bg2 Nc6 13. Qe3 {
volkomen gelijk.}) 8. bxc3 Nc5 9. Qf3 d6 10. Bg2 Nbd7 11. O-O O-O 12. Nb3 (12.
Rd1 Ne5 13. Qf4 Bd7 14. Nb3 Ba4) 12... Qc7 13. Rd1 Nb6 {(Donchenko wijkt hier
af van een partij in 2015. Toen verloor hij van Moischenko.)} 14. Nxc5 Qxc5 15.
Be3 Qc7 16. Bxb6 axb6 17. Qd3 Rd8 18. a4 Ra5 19. Rdb1 Bd7 (19... Rc5 20. Rb4)
20. Rb4 Bc6 21. Qd4 Bxg2 22. Kxg2 Rc5 23. Rab1 h6 24. Qd3 (24. h4) 24... Rc6
25. a5 (25. Qe3 Ra8 26. Rxb6 Rxb6 27. Qxb6 Qxc4 28. Rb4 Qc6+ 29. f3 {en gelijk}
) 25... bxa5 26. Rxb7 Qc8 27. Qf3 Rf8 28. Rb8 Qd7 29. R1b7 Rc7 30. Rxf8+ Kxf8
31. Rb8+ Ke7 32. Rg8 $5 Qc6 33. e4 g6 (33... g5 34. h4 gxh4 35. Qf4 Rc8 36.
Qxh4+ Kd7 37. Qf4 Ke7 38. Qh4+ {en wit kan remise afdwingen.}) 34. Qe3 g5 (
34... Qxc4 35. h4 (35. Qxh6 Qxe4+) 35... e5 {en zwart in voordeel.}) 35. h4 $5
Qc5 36. Qf3 (36. Qd2 Kd7 37. hxg5 hxg5 38. Rxg5 Qxc4 {gelijk, maar zwart heeft
een mooie a-pion.}) 36... Qe5 (36... gxh4 $1 {is sterker} 37. Qg4 (37. gxh4 $2
Rc8 38. Rg7 Rf8 {en zwart duidelijk plus.}) 37... hxg3 38. Qh4+ f6 39. Rxg3 (
39. Qxg3 Kd7) 39... Qxc4 40. Rg7+ Ke8 (40... Kd8 41. Qxf6+ Kc8 42. Rxc7+ Kxc7
43. Qe7+ Kc6 {met zwart voordeel.})) 37. hxg5 hxg5 38. Ra8 Qc5 39. Qh5 $1 Ra7
40. Rg8 $1 {en de rollen keren plots om!} Qe5 41. Qg4 (41. f3 $1 Qf6 (41... a4
$2 42. Qh6 $1 {en wit wint.}) 42. Rxg5 a4 43. Rb5) 41... a4 42. Rxg5 Qf6 {(Zie
diagram)(Foute zet die de remise verknalt. Enige analyse laat dat blijken. )} (
42... Qxc3 43. Rg8 Qxc4 (43... a3 $4 44. Qh4+ $1 Kd7 45. Qd8+ Kc6 46. Qc8+ Rc7
47. Qa8+ Kc5 48. Rg5+ Kxc4 49. Ra5 {en wit wint.}) 44. Qh4+ Kd7 45. Qd8+ Kc6
46. Qc8+ Rc7 47. Qa8+ Kc5 {en zwart heeft geen problemen.} 48. Rb8 d5 (48...
Kd4) 49. Qa5+ Kd6 50. Rb4 Qc5 51. Rb5 Qc2 52. Qb4+ Kd7) 43. c5 $18 dxc5 (43...
Qxc3 $2 44. Qf4 $1 {en wit dreigt winst.}) 44. Rxc5 a3 $2 (44... Qh8 45. Rb5 (
45. Qg5+ Qf6 46. Qe3 e5 47. Rc8 Rd7 48. Qc5+ Qd6 49. Qa5 a3 50. Qa8 a2 51. Rh8
Rd8 52. Rxd8 Qxd8 53. Qxa2 Qc7 54. c4 {en wit moet wel winnen met 2
pluspionnen.}) 45... Rd7 46. Qg5+ f6 47. Qf4 (47. Qc5+ Kf7 48. Rb1 (48. Qc6 Rd1
$1))) 45. e5 Qh8 46. Qb4 $1 Qa8+ 47. Kh2 Ke8 48. Rb5 Qc6 49. Rb8+ Kd7 50. Qd4+
1-0